000 005300000a22001810004500
003 MACL
005 20160219113059.0
008 160219b xxu||||| |||| 00| 0 eng d
040 _aMACL
_cMACL
041 _aHindi
082 _a400
100 _aसांकृत्‍यायन राहुल
_938978
245 _aसंस्‍कृत काव्‍यधारा
260 _bकिताब महल
_c1958
_aइलाहाबाद
350 _a15
650 _aLanguage
_938979
942 _cHIN
_k400
_2ddc
999 _c25041
_d25041